Indian industrialisation / (Record no. 139734)

MARC details
000 -LEADER
fixed length control field 00580nam a22001937a 4500
005 - DATE AND TIME OF LATEST TRANSACTION
control field 20170511154035.0
010 ## - LCCN (DPL NO)
LC control number ENG- 118110
020 ## - INTERNATIONAL STANDARD BOOK NUMBER
International Standard Book Number 9788126921331
Terms of availability 595.00
020 ## - INTERNATIONAL STANDARD BOOK NUMBER
International Standard Book Number 9788126921324
Terms of availability 595.00
035 ## - SYSTEM CONTROL NUMBER
System control number EN-101642
037 ## - SOURCE OF ACQUISITION
Source of stock number/acquisition DBAD/PUB
082 ## - DEWEY DECIMAL CLASSIFICATION NUMBER
Classification number 327.54
100 ## - MAIN ENTRY--PERSONAL NAME
Personal name AK AGARWAL
245 ## - TITLE STATEMENT
Title Indian industrialisation /
Remainder of title Trajectory redefined /
Statement of responsibility, etc by AK AGARWAL
260 ## - PUBLICATION, DISTRIBUTION, ETC. (IMPRINT)
Place of publication, distribution, etc Chennai
Name of publisher, distributor, etc ATLANTIC
Date of publication, distribution, etc 2016
270 ## - ADDRESS
Address 5, Nallathanbi Street, Wallajah Road, Chennai-600002
300 ## - PHYSICAL DESCRIPTION
Extent xxi, 256p.
Dimensions 23cm. (Hb)
942 ## - ADDED ENTRY ELEMENTS (KOHA)
Source of classification or shelving scheme Dewey Decimal Classification
Item type English Books
Classification part 327.54
Call number suffix AGA
Holdings
Withdrawn status Lost status Not for loan Collection code Home library Current library Date acquired Source of acquisition Cost, normal purchase price Full call number Barcode Copy number Cost, replacement price Koha item type
    Not For Loan Non-fiction D.B.Act.Division Bawana 11/05/2017 DBAD/PUB 595.00 327.54 AGA EN-101642 1 595.00 English Books

© Delhi Public Library
Hit Counter
free hit counter